00808nam a2200229 i 450000100060000000300090000600500170001500700030003200800410003502000180007608000300009410000330012424500860015726000370024330000390028050000150031950400320033465000510036685200220041799900170043995201220045647817ES-MaACL20230906161635.0t|930329s1991 sp afo |||| | spa d a84-7719-253-7 a726.591.12.034.7(460.181)1 aLlamazares, Fernando.97267413aEl retablo barroco en la provincia de León / cFernando Llamazares Rodríguez. aLeón : bUniversidad, c[1991] a403 p., lám. : bfot. ; c24 cm. aÍndices. aBibliografía: p. 385-389.14aRetablos barrocos-zLeón (Provincia)9151082 aES-MaACLjL-26386 c47817d47817 00104070aATENEOMbATENEOMcDEPO2d2008-01-17eSCl0oL-26386p1050321r2023-02-23 00:00:00w2023-02-23yMONOGRAFIA